[Event "Stockholm op"]
[Site "Stockholm"]
[Date "2011.06.03"]
[Round "4"]
[White "Fant, Goran"]
[Black "Fomina, Tatyana"]
[Result "0-1"]
[WhiteElo "1900"]
[BlackElo "2224"]
[PlyCount "92"]
[EventDate "2011.06.01"]
[EventType "swiss"]
[EventRounds "7"]
[EventCountry "SWE"]
[SourceTitle "CBM 142 Extra"]
[Source "ChessBase"]
[SourceDate "2011.06.27"]
[SourceVersion "1"]
[SourceVersionDate "2011.06.27"]
[SourceQuality "1"]

1. f4 d5 2. e3 c5 3. Bb5+ Bd7 4. Bxd7+ Qxd7 5. Nf3 f6 6. d3 Nc6 7. Qe2 0-0-0 8. e4 e6 9. Nc3 h6 10. h4 g6 11. a3 Rh7 12. Qf2 Rg7 13. Bd2 Be7 14. 0-0-0 d4 15. Ne2 g5 16. hxg5 hxg5 17. Qg3 Bd6 18. Qh3 g4 19. Qh2 gxf3 20. gxf3 Nge7 21. Rdg1 Rxg1+ 22. Rxg1 Rg8 23. Rxg8+ Nxg8 24. Qh8 Qf7 25. f5 exf5 26. Qh3 Nge7 27. f4 b6 28. Ng3 Kb7 29. Nxf5 Nxf5 30. Qxf5 Bc7 31. Kb1 Qg7 32. Bc1 a5 33. Qe6 b5 34. Qd5 Kb6 35. Qe6 Qe7 36. Qf5 a4 37. Bd2 c4 38. dxc4 bxc4 39. Qd5 Qc5 40. Qe6 c3 41. bxc3 dxc3 42. Bc1 Qb5+ 43. Ka2 Bxf4 44. Qxf6 Bxc1 45. Qxc3 Bf4 46. Qf6 Be5 0-1

[Event "Gausdal op-B"]
[Site "Gausdal"]
[Date "2008.04.11"]
[Round "4"]
[White "Lund, Terje"]
[Black "Fant, Goran"]
[Result "1-0"]
[WhiteElo "2068"]
[BlackElo "1920"]
[PlyCount "105"]
[EventDate "2008.04.08"]
[EventType "swiss"]
[EventRounds "9"]
[EventCountry "NOR"]
[SourceTitle "CBM 123 Extra"]
[Source "ChessBase"]
[SourceDate "2008.05.06"]
[SourceVersion "1"]
[SourceVersionDate "2008.05.06"]
[SourceQuality "1"]

1. e4 e6 2. d3 d5 3. Nd2 c6 4. g3 Bd6 5. Bg2 Ne7 6. Ngf3 Ng6 7. Qe2 Nd7 8. d4 a5 9. c4 0-0 10. 0-0 b6 11. Re1 a4 12. exd5 cxd5 13. cxd5 Ba6 14. Qd1 exd5 15. Nf1 Bb7 16. Bg5 Qb8 17. Bh3 Bc6 18. Rc1 Qb7 19. Qc2 Bb5 20. Qf5 h6 21. Bd2 Nf6 22. Bg2 Ne7 23. Qb1 Ne4 24. Ne3 f5 25. Bc3 Qa6 26. Bf1 Bxf1 27. Rxf1 Qe2 28. Kg2 f4 29. Rce1 Qb5 30. Nxd5 Nxc3 31. Nxe7+ Bxe7 32. bxc3 Qd7 33. Qxb6 Rf6 34. Qb1 Raf8 35. Qe4 Bd8 36. h3 fxg3 37. fxg3 Qb5 38. Qe2 Qb7 39. c4 Bc7 40. d5 Rb6 41. Rf2 a3 42. c5 Rbf6 43. Qe4 Qb5 44. d6 Ba5 45. Rc1 Kh8 46. Rcc2 Bb4 47. Qc4 Qc6 48. Qxb4 Rxf3 49. Rxf3 Rxf3 50. Kh2 Rf1 51. Rg2 Rc1 52. Qxa3 Rxc5 53. d7 1-0

[Event "Gausdal op-B"]
[Site "Gausdal"]
[Date "2008.04.09"]
[Round "2"]
[White "Fant, Goran"]
[Black "Persson, Jan"]
[Result "0-1"]
[WhiteElo "1920"]
[BlackElo "2019"]
[PlyCount "58"]
[EventDate "2008.04.08"]
[EventType "swiss"]
[EventRounds "9"]
[EventCountry "NOR"]
[SourceTitle "CBM 123 Extra"]
[Source "ChessBase"]
[SourceDate "2008.05.06"]
[SourceVersion "1"]
[SourceVersionDate "2008.05.06"]
[SourceQuality "1"]

1. f4 e5 2. fxe5 Nc6 3. Nf3 g5 4. d4 g4 5. Ng5 d5 6. e4 h6 7. exd5 Qxd5 8. Nc3 Bb4 9. Qd2 Qxd4 10. Nxf7 Kxf7 11. Qf2+ Kg7 12. Qxd4 Nxd4 13. Bd3 Bf5 14. Bxf5 Bxc3+ 15. bxc3 Nxf5 16. 0-0 Nge7 17. Bf4 Kg6 18. Rad1 Rad8 19. Rd3 Rxd3 20. cxd3 Nd5 21. Bd2 c5 22. Re1 Re8 23. Re4 h5 24. d4 cxd4 25. cxd4 Rc8 26. a3 Rc4 27. Re2 Nxd4 28. Re4 Kf5 29. Re1 Ne6 0-1

[Event "Gausdal Elo op"]
[Site "Gausdal"]
[Date "2006.05.01"]
[Round "9"]
[White "Jacobsen, Maria Pitz"]
[Black "Fant, Goran"]
[Result "0-1"]
[WhiteElo "1846"]
[BlackElo "1973"]
[PlyCount "80"]
[EventDate "2006.04.23"]
[EventType "swiss"]
[EventRounds "9"]
[EventCountry "NOR"]
[SourceTitle "EXT 2007"]
[Source "ChessBase"]
[SourceDate "2006.11.23"]
[SourceVersion "1"]
[SourceVersionDate "2006.11.23"]
[SourceQuality "1"]

1. d4 Nf6 2. c4 e6 3. Nf3 Be7 4. Bg5 b6 5. g3 Bb7 6. Bg2 h6 7. Bxf6 Bxf6 8. Nc3 d5 9. 0-0 0-0 10. Re1 c5 11. cxd5 exd5 12. dxc5 bxc5 13. Rc1 Na6 14. Na4 Rc8 15. Qb3 Qe7 16. e4 d4 17. Nd2 Qc7 18. Qc4 Be7 19. Bh3 Nb4 20. Qb3 Ba6 21. Nc4 Rb8 22. a3 Nc6 23. Qc2 Bxc4 24. Qxc4 Ne5 25. Qf1 Nf3+ 26. Kg2 Nxe1+ 27. Qxe1 Rfd8 28. Kg1 d3 29. Qd2 Qb7 30. e5 Qb3 31. Qd1 d2 32. Rb1 Qxd1+ 33. Rxd1 Rd4 34. Nc3 Rxb2 35. Bf1 Rc2 36. Ne2 Re4 37. f4 c4 38. Kf2 Bc5+ 39. Kf3 Re3+ 40. Kg4 c3 0-1

[Event "Gausdal Elo op"]
[Site "Gausdal"]
[Date "2006.04.28"]
[Round "6"]
[White "Fant, Goran"]
[Black "Suuronen, Petri"]
[Result "0-1"]
[WhiteElo "1973"]
[BlackElo "1943"]
[PlyCount "92"]
[EventDate "2006.04.23"]
[EventType "swiss"]
[EventRounds "9"]
[EventCountry "NOR"]
[SourceTitle "EXT 2007"]
[Source "ChessBase"]
[SourceDate "2006.11.23"]
[SourceVersion "1"]
[SourceVersionDate "2006.11.23"]
[SourceQuality "1"]

1. d4 d6 2. e4 Nf6 3. f3 e5 4. Be3 Be7 5. Ne2 c6 6. c4 0-0 7. Nbc3 a6 8. a4 Be6 9. d5 cxd5 10. cxd5 Bc8 11. a5 Nbd7 12. Ng3 b5 13. b4 Bb7 14. Nf5 Rc8 15. Rc1 g6 16. Nh6+ Kg7 17. Qd2 Ng8 18. g3 f5 19. exf5 gxf5 20. Nxg8 Kxg8 21. Bd3 Qe8 22. 0-0 Qh5 23. Be2 Qg6 24. g4 h5 25. h3 hxg4 26. hxg4 Kg7 27. Kg2 Rh8 28. Rh1 Nf6 29. Bg5 Nxd5 30. Bxe7 Nxe7 31. Kf2 f4 32. Bd3 Qf6 33. Ne4 Bxe4 34. fxe4 Rxc1 35. Qxc1 Rxh1 36. Qxh1 Qh6 37. Qc1 Qh2+ 38. Kf3 Qh3+ 39. Ke2 Qg2+ 40. Ke1 Qg1+ 41. Bf1 Qe3+ 42. Qxe3 fxe3 43. Bxb5 axb5 44. a6 Nc8 45. Ke2 Kg6 46. Kxe3 Kg5 0-1

[Event "Gausdal Elo op"]
[Site "Gausdal"]
[Date "2006.04.24"]
[Round "2"]
[White "Fant, Goran"]
[Black "Nilsson, Lars Kjoller"]
[Result "0-1"]
[WhiteElo "1973"]
[BlackElo "2044"]
[PlyCount "78"]
[EventDate "2006.04.23"]
[EventType "swiss"]
[EventRounds "9"]
[EventCountry "NOR"]
[SourceTitle "EXT 2007"]
[Source "ChessBase"]
[SourceDate "2006.11.23"]
[SourceVersion "1"]
[SourceVersionDate "2006.11.23"]
[SourceQuality "1"]

1. Nf3 Nf6 2. d4 e6 3. c4 Nc6 4. Bg5 h6 5. Bh4 g5 6. Bg3 Bb4+ 7. Nc3 Ne4 8. Qd3 d5 9. e3 h5 10. h4 Nxg3 11. fxg3 Bd6 12. hxg5 Bxg3+ 13. Kd2 Nb4 14. Qb1 c5 15. a3 Nc6 16. b4 cxd4 17. Ne2 dxe3+ 18. Kxe3 Be5 19. b5 Bxa1 20. Qxa1 d4+ 21. Kf2 Ne7 22. Nf4 h4 23. Bd3 Qd6 24. Qxd4 Qxd4+ 25. Nxd4 e5 26. Nd5 Nxd5 27. Re1 Nf4 28. Rxe5+ Kf8 29. Be4 Rb8 30. Ke3 Ne6 31. Nf5 Nxg5 32. Bd5 Bxf5 33. Rxf5 Re8+ 34. Kf4 Ne6+ 35. Kg4 b6 36. a4 Ke7 37. a5 Reg8+ 38. Kh3 Rg5 39. Bxe6 Rg3+ 0-1

[Event "Gausdal Elo op"]
[Site "Gausdal"]
[Date "2006.04.23"]
[Round "1"]
[White "Ronningen, Anders"]
[Black "Fant, Goran"]
[Result "0-1"]
[WhiteElo "1541"]
[BlackElo "1973"]
[PlyCount "102"]
[EventDate "2006.04.23"]
[EventType "swiss"]
[EventRounds "9"]
[EventCountry "NOR"]
[SourceTitle "EXT 2007"]
[Source "ChessBase"]
[SourceDate "2006.11.23"]
[SourceVersion "1"]
[SourceVersionDate "2006.11.23"]
[SourceQuality "1"]

1. e4 e6 2. d4 d5 3. exd5 exd5 4. c4 Nf6 5. Nf3 Bd6 6. c5 Bf8 7. Bd3 h6 8. Nc3 Be6 9. Bf4 g5 10. Bg3 Bg7 11. Ne5 Nfd7 12. Qe2 Nxe5 13. Bxe5 Bxe5 14. Qxe5 0-0 15. 0-0-0 Nc6 16. Qe3 Qf6 17. h4 g4 18. f4 Rad8 19. f5 Bc8 20. Qf4 Kh8 21. Be2 Qxf5 22. Qxh6+ Qh7 23. Qf6+ Qg7 24. Qg5 f5 25. Bb5 Ne7 26. Rde1 Ng8 27. Re5 c6 28. Bd3 Qxg5+ 29. hxg5+ Kg7 30. Ne2 Kg6 31. Nf4+ Kxg5 32. g3 Rde8 33. Kd2 Nf6 34. Be2 Rh8 35. Rxh8 Rxh8 36. Re7 Ne4+ 37. Ke3 Nxg3 38. Bd3 Kf6 39. Re5 Bd7 40. Kf2 Ne4+ 41. Kg2 Re8 42. Rxe8 Bxe8 43. b4 Bf7 44. a4 Kg5 45. Ne2 f4 46. Ng1 Nd2 47. b5 f3+ 48. Kg3 Ne4+ 49. Kh2 Kf4 50. b6 g3+ 51. Kh1 Nf2# 0-1

[Event "Politiken Cup 27th"]
[Site "Copenhagen"]
[Date "2005.07.16"]
[Round "1"]
[White "Fant, Goran"]
[Black "Chandler, Murray G"]
[Result "0-1"]
[WhiteElo "2007"]
[BlackElo "2542"]
[PlyCount "76"]
[EventDate "2005.07.16"]
[EventType "swiss"]
[EventRounds "10"]
[EventCountry "DEN"]
[SourceTitle "CBM 107 Extra"]
[Source "ChessBase"]
[SourceDate "2005.09.01"]
[SourceVersion "1"]
[SourceVersionDate "2005.09.01"]
[SourceQuality "1"]

1. Nf3 c5 2. c4 Nc6 3. g3 e5 4. Nc3 g6 5. Bg2 Bg7 6. 0-0 Nge7 7. d3 0-0 8. Ne1 d6 9. Nc2 Be6 10. Rb1 Rc8 11. Ne3 Qd7 12. a3 Bh3 13. b4 Bxg2 14. Kxg2 Nd4 15. Ned5 Nxd5 16. Nxd5 f5 17. e3 Ne6 18. f4 exf4 19. gxf4 Rce8 20. Qf3 b6 21. Bb2 Qa4 22. Qd1 Qc6 23. b5 Qb7 24. Qf3 Kh8 25. h4 Bxb2 26. Rxb2 Qg7 27. Rc2 Nc7 28. Re1 Nxd5 29. Qxd5 Qf6 30. Kg3 Re6 31. e4 Rfe8 32. a4 fxe4 33. Rxe4 Rxe4 34. dxe4 Qa1 35. Kf3 Qh1+ 36. Ke3 Qh3+ 37. Kd2 Qxh4 38. Kc3 Qxf4 0-1

[Event "Politiken Cup 26th"]
[Site "Copenhagen"]
[Date "2004.07.24"]
[Round "1"]
[White "Gullaksen, Eirik Tvedt"]
[Black "Fant, Goran"]
[Result "1-0"]
[WhiteElo "2390"]
[BlackElo "1997"]
[PlyCount "47"]
[EventDate "2004.07.24"]
[EventType "swiss"]
[EventRounds "10"]
[EventCountry "DEN"]
[SourceTitle "CBM 101 Extra"]
[Source "ChessBase"]
[SourceDate "2004.09.01"]
[SourceVersion "2"]
[SourceVersionDate "2004.09.01"]
[SourceQuality "1"]

1. e4 e6 2. d4 d5 3. Nc3 Bb4 4. e5 c5 5. a3 Ba5 6. b4 cxd4 7. Nb5 Bc7 8. f4 a5 9. Nf3 axb4 10. Bd3 Nc6 11. Ng5 Bb8 12. 0-0 Nh6 13. Qh5 Qb6 14. Bd2 bxa3 15. Rfb1 Nxe5 16. fxe5 Bxe5 17. Ne4 dxe4 18. Qxe5 a2 19. Rb3 Ng4 20. Qxg7 e5 21. Qxh8+ Ke7 22. Bg5+ Kd7 23. Qxh7 Ke8 24. Qg8+ 1-0

[Event "Gausdal Classics-C"]
[Site "Gausdal"]
[Date "2003.04.04"]
[Round "2"]
[White "Fant, Goran"]
[Black "Svensen, Tarjei Joten"]
[Result "0-1"]
[WhiteElo "2023"]
[BlackElo "2096"]
[PlyCount "78"]
[EventDate "2003.04.03"]
[EventType "tourn"]
[EventRounds "11"]
[EventCountry "NOR"]
[SourceTitle "EXT 2005"]
[Source "ChessBase"]
[SourceDate "2004.11.15"]
[SourceVersion "1"]
[SourceVersionDate "2004.11.15"]
[SourceQuality "1"]

1. d4 d5 2. Nf3 Nf6 3. Bg5 Ne4 4. Bf4 c6 5. e3 Qb6 6. Qc1 Nd7 7. c4 e6 8. Bd3 Ndf6 9. 0-0 c5 10. Nc3 Bd7 11. Qc2 Nxc3 12. bxc3 Bc6 13. a4 Qa5 14. Nd2 cxd4 15. exd4 dxc4 16. Nxc4 Qd5 17. Ne3 Qd7 18. Nc4 Qd5 19. f3 Be7 20. Ne5 0-0 21. Bc4 Qa5 22. Nxc6 bxc6 23. Rfe1 Nd5 24. Bd2 Bf6 25. Bd3 g6 26. Rab1 Rab8 27. Kh1 c5 28. Bc4 cxd4 29. Bxd5 Qxd5 30. c4 d3 31. Qa2 Qd4 32. Be3 Rxb1 33. Qxb1 Qxc4 34. Rc1 Qa6 35. Rc7 Rd8 36. Kg1 d2 37. Qd1 Qd3 38. Bf2 Rb8 39. Rc2 Rb1 0-1

[Event "Gausdal Classics-C"]
[Site "Gausdal"]
[Date "2003.04.03"]
[Round "1"]
[White "Lahlum, Ida"]
[Black "Fant, Goran"]
[Result "0-1"]
[WhiteElo "1909"]
[BlackElo "2023"]
[PlyCount "92"]
[EventDate "2003.04.03"]
[EventType "tourn"]
[EventRounds "11"]
[EventCountry "NOR"]
[SourceTitle "EXT 2005"]
[Source "ChessBase"]
[SourceDate "2004.11.15"]
[SourceVersion "1"]
[SourceVersionDate "2004.11.15"]
[SourceQuality "1"]

1. d4 d5 2. c4 c6 3. Nf3 Nf6 4. Nc3 e6 5. Bg5 h6 6. Bh4 g5 7. Bg3 Bg7 8. h3 0-0 9. e3 Re8 10. Ne5 Nbd7 11. Bd3 Nxe5 12. Bxe5 dxc4 13. Bxc4 b5 14. Be2 Bb7 15. Bf3 a6 16. Rc1 Rc8 17. 0-0 Re7 18. b4 Rd7 19. Qb3 Bf8 20. a3 Ne8 21. Ne4 a5 22. Nc5 Bxc5 23. bxc5 Qe7 24. Bg4 a4 25. Qd1 f6 26. Bg3 Ng7 27. Qe1 h5 28. Bf3 Qf7 29. Be4 f5 30. Bb1 f4 31. Bh2 f3 32. Be4 g4 33. Bf4 Nf5 34. Be5 fxg2 35. Bxg2 Qg6 36. Kh2 Nh4 37. Rg1 Rf8 38. Qe2 Rdf7 39. Kh1 Rxf2 40. Qe1 Nxg2 41. Rxg2 Qe4 42. Qg1 R8f3 43. hxg4 h4 44. Kh2 Qxe3 45. Kh1 h3 46. Rh2 Qe4 0-1

[Event "Gausdal Classics Elo"]
[Site "Gausdal"]
[Date "2002.04.18"]
[Round "9"]
[White "Svensen, Tarjei Joten"]
[Black "Fant, Goran"]
[Result "1-0"]
[WhiteElo "2041"]
[BlackElo "2025"]
[PlyCount "141"]
[EventDate "2002.04.11"]
[EventType "tourn"]
[EventRounds "9"]
[EventCountry "NOR"]
[SourceTitle "EXT 2003"]
[Source "ChessBase"]
[SourceDate "2002.11.25"]
[SourceVersion "1"]
[SourceVersionDate "2002.11.25"]
[SourceQuality "1"]

1. d4 Nf6 2. Bg5 g6 3. Bxf6 exf6 4. e3 Bg7 5. c4 f5 6. Nc3 Nc6 7. Nge2 b6 8. g3 Rb8 9. Rb1 Na5 10. b3 Bb7 11. d5 Qe7 12. Nd4 c5 13. Nde2 a6 14. Qd2 Ba8 15. a4 Nb7 16. Bg2 Nd6 17. Qd3 Qe5 18. 0-0 0-0 19. Rfc1 Rfe8 20. Kf1 Bh6 21. Ng1 g5 22. Nf3 Qf6 23. Nd2 Qg6 24. Re1 Bg7 25. Rbc1 Re7 26. Ne2 Bb2 27. Rb1 Ba3 28. Nc3 Rbe8 29. Na2 a5 30. Nc3 Qf6 31. Nb5 Nxb5 32. axb5 d6 33. f3 Bb4 34. Re2 Bb7 35. Kg1 Bc3 36. Nf1 Bc8 37. Rc1 Bb2 38. Rce1 f4 39. gxf4 gxf4 40. Kh1 fxe3 41. Rxe3 Be5 42. Qe2 Kf8 43. Qd2 Bf5 44. f4 Bd4 45. Rxe7 Rxe7 46. Rxe7 Qxe7 47. Ng3 Bb1 48. Qd1 Ba2 49. Nf5 Bxb3 50. Qf1 Qf6 51. Be4 a4 52. Qh3 a3 53. Qxb3 Bb2 54. Qa4 Qd8 55. Kg2 h5 56. Kf3 Qb8 57. Ne3 Kg7 58. Bb1 Qd8 59. Qc2 Qf6 60. Qh7+ Kf8 61. Qxh5 Qc3 62. Qh6+ Ke7 63. Qg5+ Ke8 64. Qf5 Kf8 65. h4 Bc1 66. Qe4 Qb3 67. h5 a2 68. Bxa2 Qxa2 69. Nf5 Qb3+ 70. Kg4 Qd1+ 71. Kg5 1-0